[Event "PRO League Group Stage"]
[Site "chess.com INT"]
[Date "2019.01.10"]
[Round "1"]
[White "Asis Gargatagli, Hipolito"]
[Black "Markoja, Boris"]
[Result "1-0"]
[WhiteTitle "IM"]
[BlackTitle "IM"]
[WhiteElo "2529"]
[BlackElo "2442"]
[WhiteTeam "Barcelona Raptors"]
[BlackTeam "Ljubljana Turtles"]
[WhiteFideId "2260735"]
[BlackFideId "14608502"]
[EventDate "2019.01.08"]

1. e4 c5 2. Nf3 g6 3. d4 cxd4 4. Nxd4 Nc6 5. Nc3 Bg7 6. Be3 Nf6 7. Bc4 O-O 8.
Bb3 a5 9. O-O Nxd4 10. Bxd4 d6 11. Re1 Bd7 12. Nd5 Nxd5 13. Bxg7 Kxg7 14. exd5
a4 15. Bc4 Rc8 16. Qd4+ f6 17. a3 Rf7 18. c3 Qc7 19. Ba2 Qc5 20. Qd2 Bb5 21. Re4
Qc7 22. Rae1 Qd8 23. Qe3 Rc7 24. Qb6 Qd7 25. Qd4 Qc8 26. Qe3 Qd8 27. h3 Be8 28.
Qd4 Bd7 29. Qb6 Be8 30. Bb1 Qc8 31. Bc2 f5 32. Re6 Qd7 33. Bxa4 1-0

[Event "PRO League Group Stage"]
[Site "chess.com INT"]
[Date "2019.01.10"]
[Round "1"]
[White "Diaz Camallonga, Carles"]
[Black "Stevanic, David"]
[Result "1-0"]
[WhiteTitle "IM"]
[BlackTitle "FM"]
[WhiteElo "2432"]
[BlackElo "2304"]
[WhiteTeam "Barcelona Raptors"]
[BlackTeam "Ljubljana Turtles"]
[WhiteFideId "22235256"]
[BlackFideId "14613921"]
[EventDate "2019.01.08"]

1. e4 e5 2. Nf3 Nc6 3. Bb5 a6 4. Ba4 Nf6 5. d3 b5 6. Bb3 Bc5 7. Nc3 d6 8. Nd5 h6
9. c3 O-O 10. O-O Rb8 11. h3 Nxd5 12. Bxd5 Ne7 13. Bb3 Be6 14. d4 exd4 15. cxd4
Bb6 16. d5 Bd7 17. Bd2 Ng6 18. Rc1 Re8 19. Re1 Qf6 20. Bc3 Qf4 21. Bd4 Rxe4 22.
Rxe4 Qxe4 23. Bxb6 cxb6 24. Rc7 Rd8 25. Qd4 Qe8 26. Qxb6 Nf4 27. Qe3 g5 28.
Qxe8+ Bxe8 29. Nd4 Nd3 30. Nc6 Ra8 31. Ne7+ Kf8 32. Nc8 Nxb2 33. Nxd6 Rd8 34.
Nb7 Rd7 35. d6 Nc4 36. Bxc4 bxc4 37. Rxd7 Bxd7 38. Nc5 Bc6 39. Kf1 Ke8 40. f3
Kd8 41. Ke2 Bb5 42. Kd2 Kc8 43. Kc3 Kb8 44. a4 Bc6 45. Kxc4 Kc8 46. a5 Bb5+ 47.
Kd5 Bf1 48. g4 Bg2 49. Ke4 Bxh3 50. Nxa6 Kd7 51. Ke5 Bf1 52. Nc5+ Kc6 53. Ne4
Bg2 54. Nd2 Bh3 55. a6 Kb6 56. d7 Kxa6 57. d8=Q 1-0

[Event "PRO League Group Stage"]
[Site "chess.com INT"]
[Date "2019.01.10"]
[Round "1"]
[White "Borisek, Jure"]
[Black "Alvarado Diaz, Alejandro"]
[Result "1/2-1/2"]
[WhiteTitle "GM"]
[BlackTitle "IM"]
[WhiteElo "2584"]
[BlackElo "2388"]
[WhiteTeam "Ljubljana Turtles"]
[BlackTeam "Barcelona Raptors"]
[WhiteFideId "14603152"]
[BlackFideId "2276119"]
[EventDate "2019.01.08"]

1. e4 e5 2. Nf3 Nc6 3. Bb5 a6 4. Ba4 Nf6 5. O-O Be7 6. Re1 b5 7. Bb3 d6 8. c3
O-O 9. h3 Nb8 10. d4 Nbd7 11. Nbd2 Bb7 12. Bc2 c5 13. d5 c4 14. b3 cxb3 15. axb3
Qc7 16. c4 Rfb8 17. Bb2 b4 18. Nf1 Nc5 19. Ng3 Bc8 20. Nh2 a5 21. Ng4 Nxg4 22.
hxg4 a4 23. Nf5 Bxf5 24. gxf5 Bg5 25. g3 a3 26. Bc1 Qe7 27. f4 Bf6 28. Ra2 Re8
29. Kg2 g6 30. fxg6 hxg6 31. Qf3 Kg7 32. Be3 Rac8 33. Bd2 Rb8 34. Be3 Rbc8 35.
Bd2 Rb8 36. Be3 Rbc8 1/2-1/2

[Event "PRO League Group Stage"]
[Site "chess.com INT"]
[Date "2019.01.10"]
[Round "1"]
[White "Sebenik, Matej"]
[Black "Herrera Reyes, Jose Antonio"]
[Result "1-0"]
[WhiteTitle "GM"]
[BlackTitle "FM"]
[WhiteElo "2540"]
[BlackElo "2324"]
[WhiteTeam "Ljubljana Turtles"]
[BlackTeam "Barcelona Raptors"]
[WhiteFideId "14602296"]
[BlackFideId "2274914"]
[EventDate "2019.01.08"]

1. Nf3 c5 2. e4 e6 3. d4 cxd4 4. Nxd4 a6 5. c4 Qc7 6. Nc3 Nf6 7. Be2 d6 8. O-O
Nbd7 9. f4 Be7 10. Qd3 h5 11. a3 h4 12. b4 b6 13. Bb2 Bb7 14. Rac1 Rc8 15. Nd5
exd5 16. cxd5 Qb8 17. Rxc8+ Qxc8 18. Rc1 Qa8 19. Nc6 Kf8 20. Bf3 Ne8 21. e5 h3
22. Bg4 Nb8 23. Nxe7 Kxe7 24. exd6+ Kf8 25. Qe3 Nxd6 26. Rc7 Rh6 27. Qe7+ Kg8
28. Bf5 Nc6 29. dxc6 Bxc6 30. Rc8+ Qxc8 31. Bxc8 Nxc8 32. Qd8+ Kh7 33. Qxc8 hxg2
34. Qf8 f6 35. Qd6 Be4 36. Qd4 Ba8 37. Qxb6 Rh3 38. Qa7 Be4 39. Bxf6 Kg6 40.
Qxg7+ Kf5 41. Qg5+ Ke6 42. Qe5+ Kf7 43. Qxe4 Rxa3 44. Qe7+ Kg6 45. Qe6 Kh7 46.
Qf5+ Kg8 47. Qg6+ Kf8 48. Qg7+ Ke8 49. Qe7# 1-0

[Event "PRO League Group Stage"]
[Site "chess.com INT"]
[Date "2019.01.10"]
[Round "1"]
[White "Tari, Aryan"]
[Black "Cornette, Deimante"]
[Result "1-0"]
[WhiteTitle "GM"]
[BlackTitle "IM"]
[WhiteElo "2625"]
[BlackElo "2448"]
[WhiteTeam "Norway Gnomes"]
[BlackTeam "Cannes Blitzstreams"]
[WhiteFideId "1510045"]
[BlackFideId "12802859"]
[EventDate "2019.01.08"]

1. c4 b6 2. d4 Bb7 3. Nf3 e6 4. Nc3 Nf6 5. Qc2 Bb4 6. e3 Ne4 7. Bd3 f5 8. O-O
Bxc3 9. bxc3 O-O 10. Nd2 Qh4 11. f3 Nf6 12. a4 Nc6 13. Nb3 Ne7 14. Bd2 g5 15. d5
c5 16. e4 fxe4 17. fxe4 Ng4 18. h3 Ne5 19. Be1 Qh6 20. Bg3 N7g6 21. Be2 Nf4 22.
Rf2 Ba6 23. Nd2 Rf7 24. Bxf4 gxf4 25. a5 f3 26. Nxf3 Nxf3+ 27. Bxf3 Bxc4 28.
axb6 a6 29. Qa4 Bd3 30. Re1 Rb8 31. Qa5 Rff8 32. Qxc5 Qg7 33. e5 Rfc8 34. Qd4
Bf5 35. b7 Rc7 36. d6 Rcxb7 37. Bxb7 Rxb7 38. Kh2 Rb8 39. Re3 Kh8 40. Rg3 Qh6
41. Qf4 Qxf4 42. Rxf4 a5 43. c4 Rb4 44. Rxf5 exf5 45. e6 dxe6 46. d7 Rb8 47. c5
a4 48. c6 f4 49. Ra3 1-0

[Event "PRO League Group Stage"]
[Site "chess.com INT"]
[Date "2019.01.10"]
[Round "1"]
[White "Salomon, Johan"]
[Black "Joie, Sebastien"]
[Result "0-1"]
[WhiteTitle "GM"]
[BlackTitle "IM"]
[WhiteElo "2494"]
[BlackElo "2439"]
[WhiteTeam "Norway Gnomes"]
[BlackTeam "Cannes Blitzstreams"]
[WhiteFideId "1509500"]
[BlackFideId "650420"]
[EventDate "2019.01.08"]

1. Nf3 d5 2. g3 Bf5 3. Bg2 c6 4. O-O e6 5. d3 Nf6 6. Nh4 Bg4 7. h3 Bh5 8. f4
Nfd7 9. Qe1 Be7 10. Nf3 Qb6+ 11. Kh1 Na6 12. a3 O-O-O 13. b4 Bf6 14. Ra2 Bg6 15.
e4 h5 16. c4 dxc4 17. dxc4 Be7 18. Nc3 f6 19. Be3 Qc7 20. Nd4 Bf7 21. Rc2 b6 22.
e5 Nab8 23. Ncb5 Qb7 24. Nd6+ Bxd6 25. exd6 e5 26. Nxc6 Nxc6 27. b5 Ndb8 28.
bxc6 Nxc6 29. fxe5 Bg6 30. Rb2 fxe5 31. c5 b5 32. Qe2 a6 33. a4 b4 34. a5 e4 35.
Qc4 Rhe8 36. Rfb1 Bf7 37. Qe2 b3 38. Qd2 Re5 39. Qc3 Qb4 40. Qxb4 Nxb4 41. Rxb3
Bxb3 42. Rxb3 Nc6 43. h4 Kd7 44. Rb7+ Ke6 45. Rxg7 Nxa5 46. Bg5 Rf8 47. d7 Nc6
48. Rg6+ Kxd7 49. Rd6+ Kc7 50. Bf4 Rxf4 51. gxf4 Rxc5 52. Bxe4 Kxd6 0-1

[Event "PRO League Group Stage"]
[Site "chess.com INT"]
[Date "2019.01.10"]
[Round "1"]
[White "Lagarde, Maxime"]
[Black "Holm, Kristian Stuvik"]
[Result "1/2-1/2"]
[WhiteTitle "GM"]
[BlackTitle "IM"]
[WhiteElo "2604"]
[BlackElo "2468"]
[WhiteTeam "Cannes Blitzstreams"]
[BlackTeam "Norway Gnomes"]
[WhiteFideId "662399"]
[BlackFideId "1508083"]
[EventDate "2019.01.08"]

1. b3 g6 2. Bb2 Nf6 3. Bxf6 exf6 4. c4 d5 5. cxd5 Qxd5 6. Nc3 Qd8 7. a3 f5 8. g3
h5 9. h4 Bg7 10. Rc1 O-O 11. Bg2 c6 12. Nh3 Qd6 13. b4 a5 14. Qb3 Be6 15. Qb1
axb4 16. axb4 Ra3 17. Nf4 Rb3 18. Qd3 Qxd3 19. Nxd3 Bc4 20. O-O Bxd3 21. exd3
Rxb4 22. Rb1 Na6 23. Rxb4 Nxb4 24. Rb1 c5 25. Nd5 Nxd5 26. Bxd5 Rd8 27. Bc4 Rd7
28. f4 Bd4+ 29. Kg2 Kf8 1/2-1/2

[Event "PRO League Group Stage"]
[Site "chess.com INT"]
[Date "2019.01.10"]
[Round "1"]
[White "Cornette, Matthieu"]
[Black "Hansen, Torbjorn Ringdal"]
[Result "1-0"]
[WhiteTitle "GM"]
[BlackTitle "GM"]
[WhiteElo "2587"]
[BlackElo "2419"]
[WhiteTeam "Cannes Blitzstreams"]
[BlackTeam "Norway Gnomes"]
[WhiteFideId "620084"]
[BlackFideId "1501720"]
[EventDate "2019.01.08"]

1. e4 c6 2. d4 d5 3. exd5 cxd5 4. c3 Nc6 5. Nf3 Nf6 6. Bf4 Bg4 7. Qb3 Bxf3 8.
Qxb7 Qc8 9. Qxc8+ Rxc8 10. gxf3 Kd7 11. Ba6 Re8 12. Nd2 e6 13. O-O-O Bd6 14. Bg3
Rb8 15. Nb3 Rb6 16. Bd3 h5 17. Rhg1 g6 18. Nc5+ Ke7 19. Rde1 Bxg3 20. hxg3 Nd7
21. Nxd7 Kxd7 22. Rh1 Rhb8 23. Re2 a5 24. a4 Kd6 25. f4 Ne7 26. f3 Nc8 27. g4
hxg4 28. fxg4 Ne7 29. Rh7 Rf8 30. f5 gxf5 31. gxf5 exf5 32. Rh6+ f6 33. Rh7 Ng6
34. Bxf5 Nf4 35. Ree7 Rbb8 36. Rc7 Rfd8 37. Rcf7 Rf8 38. Ra7 Kc6 39. Ra6+ Rb6
40. Bd7+ 1-0

[Event "PRO League Group Stage"]
[Site "chess.com INT"]
[Date "2019.01.10"]
[Round "1"]
[White "Bacrot, Etienne"]
[Black "Spoelman, Wouter"]
[Result "0-1"]
[WhiteTitle "GM"]
[BlackTitle "GM"]
[WhiteElo "2684"]
[BlackElo "2578"]
[WhiteTeam "Marseille Migraines"]
[BlackTeam "Amsterdam Mosquitoes"]
[WhiteFideId "605506"]
[BlackFideId "1010891"]
[EventDate "2019.01.08"]

1. Nf3 d5 2. e3 Nf6 3. c4 c6 4. Nc3 g6 5. d4 Bg7 6. Be2 O-O 7. O-O dxc4 8. Bxc4
Nbd7 9. e4 b5 10. Bd3 e5 11. dxe5 Ng4 12. e6 fxe6 13. Be2 Qc7 14. g3 Nb6 15. Qc2
a6 16. Ng5 e5 17. Qb3+ Nc4 18. Bxc4+ bxc4 19. Qxc4+ Kh8 20. f4 a5 21. Ne6 Qa7+
22. Kg2 Ba6 23. Qc5 Bxf1+ 24. Kxf1 Nxh2+ 25. Kg2 Qxc5 26. Nxc5 Ng4 27. Kf3 h5
28. Ne6 Rf6 29. Nc5 Rd8 30. f5 gxf5 31. Bg5 fxe4+ 0-1

[Event "PRO League Group Stage"]
[Site "chess.com INT"]
[Date "2019.01.10"]
[Round "1"]
[White "Vachier-Lagrave, Maxime"]
[Black "Klein, David"]
[Result "1-0"]
[WhiteTitle "GM"]
[BlackTitle "GM"]
[WhiteElo "2780"]
[BlackElo "2492"]
[WhiteTeam "Marseille Migraines"]
[BlackTeam "Amsterdam Mosquitoes"]
[WhiteFideId "623539"]
[BlackFideId "1003623"]
[EventDate "2019.01.08"]

1. e4 e5 2. Nf3 Nc6 3. Bb5 Nf6 4. O-O Nxe4 5. d4 Nd6 6. Bxc6 dxc6 7. dxe5 Nf5 8.
Qxd8+ Kxd8 9. h3 Bd7 10. Rd1 Kc8 11. g4 Ne7 12. Ng5 Be8 13. f4 h5 14. Kg2 c5 15.
Nc3 b6 16. Be3 Kb7 17. Rd2 f6 18. Ne6 fxe5 19. f5 hxg4 20. hxg4 Bc6+ 21. Kg3 Ng8
22. Bg5 Bd6 23. Rad1 Rh7 24. Nd8+ Rxd8 25. Bxd8 e4+ 26. Rxd6 cxd6 27. Rxd6 Nh6
28. Re6 Bd7 29. Rxe4 Kc8 30. Bg5 Nf7 31. Bf4 Kd8 32. Re1 Bc6 33. g5 Rh8 34. g6
Nh6 35. Bg5+ Kc8 36. Kf4 Ng8 37. Ne4 Rh2 38. Ke5 Rxc2 39. Ke6 Rg2 40. Kf7 Bxe4
41. Rxe4 Rxg5 42. Kxg7 Rxf5 43. Kxg8 Rf2 44. g7 Rxb2 45. Rg4 Rf2 46. Kh7 Rf7 47.
Kh6 Rxg7 48. Rxg7 a6 49. Kg5 1-0

[Event "PRO League Group Stage"]
[Site "chess.com INT"]
[Date "2019.01.10"]
[Round "1"]
[White "Ducarmon, Quinten"]
[Black "Bacrot, Alexandre"]
[Result "1-0"]
[WhiteTitle "IM"]
[WhiteElo "2479"]
[BlackElo "2257"]
[WhiteTeam "Amsterdam Mosquitoes"]
[BlackTeam "Marseille Migraines"]
[WhiteFideId "1025007"]
[BlackFideId "26076837"]
[EventDate "2019.01.08"]

1. e4 e5 2. Nf3 Nc6 3. d4 exd4 4. Nxd4 Nf6 5. Nxc6 bxc6 6. Bd3 d5 7. Qe2 dxe4 8.
Nd2 Bb4 9. Bxe4 O-O 10. Bxc6 Bd7 11. Bxd7 Qxd7 12. O-O Rfe8 13. Qd3 Qxd3 14.
cxd3 Rad8 15. Nc4 Rxd3 16. Be3 a6 17. Rfd1 Red8 18. Rxd3 Rxd3 19. Kf1 Kf8 20.
Rc1 Ng4 21. Bf4 Bc5 22. Ne5 Nxe5 23. Rxc5 f6 24. Ke2 Rd7 25. Bxe5 fxe5 26. Rxe5
Kf7 27. Rc5 Re7+ 28. Kd3 Rd7+ 29. Kc3 Re7 30. a4 Ke8 31. Rc6 Kd7 32. Rxa6 Re2
33. Ra5 Rxf2 34. Rg5 g6 35. b4 Ra2 36. a5 c6 37. Kb3 Ra1 38. Re5 Rg1 39. Re2 Kc7
40. Re7+ Kb8 41. Kc4 Rxg2 42. Kc5 Rb2 43. Rxh7 g5 44. Rg7 Ka8 45. Rxg5 Rxh2 46.
Kxc6 Rh8 47. b5 Rh6+ 48. Kc5 Rh7 49. a6 Ka7 50. Rg6 Rf7 51. Kb4 Rf1 52. Rg7+ Ka8
53. b6 Rf8 54. Kc5 Rc8+ 55. Rc7 Rg8 56. b7+ Kb8 57. Kb6 Rg6+ 58. Rc6 Rd6 59. a7# 1-0

[Event "PRO League Group Stage"]
[Site "chess.com INT"]
[Date "2019.01.10"]
[Round "1"]
[White "Vrolijk, Liam"]
[Black "Delorme, Alban"]
[Result "1-0"]
[WhiteTitle "IM"]
[BlackTitle "FM"]
[WhiteElo "2433"]
[BlackElo "2320"]
[WhiteTeam "Amsterdam Mosquitoes"]
[BlackTeam "Marseille Migraines"]
[WhiteFideId "1048333"]
[BlackFideId "623636"]
[EventDate "2019.01.08"]

1. d4 d5 2. c4 e6 3. Nf3 Nf6 4. Nc3 Be7 5. g3 O-O 6. Bg2 c6 7. O-O Nbd7 8. b3 b6
9. Bb2 Bb7 10. Qc2 Rc8 11. e4 dxe4 12. Nxe4 c5 13. Nxf6+ Nxf6 14. Rad1 cxd4 15.
Bxd4 Be4 16. Qe2 Qc7 17. Rfe1 Rfd8 18. Be5 Bxf3 19. Rxd8+ Qxd8 20. Bxf3 Nd7 21.
Rd1 Qe8 22. Bf4 e5 23. Bg4 Rd8 24. Bxd7 Rxd7 25. Rxd7 Qxd7 26. Bxe5 h6 27. Bc3
Bd6 28. Qe4 Bf8 29. Kg2 b5 30. Qa8 Qe7 31. cxb5 Kh7 32. Bd4 Qb4 33. Bxa7 Qxb5
34. Qe4+ f5 35. Qf3 Kg6 36. a4 Qa6 37. Bd4 Bb4 38. h4 h5 39. Qd5 Qd3 40. Qe6+
Kh7 41. Be3 Bc3 42. Qc4 Qxc4 43. bxc4 Kg6 44. Bb6 Kf6 45. a5 Ke6 46. a6 1-0

[Event "PRO League Group Stage"]
[Site "chess.com INT"]
[Date "2019.01.10"]
[Round "1"]
[White "Mons, Leon"]
[Black "Meier, Georg"]
[Result "1/2-1/2"]
[WhiteTitle "GM"]
[BlackTitle "GM"]
[WhiteElo "2544"]
[BlackElo "2623"]
[WhiteTeam "Berlin Bears"]
[BlackTeam "Baden-Baden Snowballs"]
[WhiteFideId "4614950"]
[BlackFideId "4675789"]
[EventDate "2019.01.08"]

1. d4 e6 2. c4 Nf6 3. Nf3 Bb4+ 4. Bd2 Bxd2+ 5. Nbxd2 d6 6. e3 O-O 7. Bd3 Qe7 8.
O-O e5 9. dxe5 dxe5 10. Ne4 Nxe4 11. Bxe4 f5 12. Bc2 Rd8 13. Qe2 e4 14. Nd4 c5
15. Nb5 Nc6 16. Nc3 Be6 17. Nd5 Bxd5 18. cxd5 Ne5 19. Rad1 Rd6 20. f3 exf3 21.
gxf3 g6 22. f4 Nd7 23. e4 fxe4 24. Qxe4 Qxe4 25. Bxe4 Re8 26. Bf3 c4 27. Rd4 b5
28. a4 a6 29. axb5 axb5 30. b3 cxb3 31. Rb4 Rb8 32. Rc1 Kf8 33. Rc6 Rxc6 34.
dxc6 Nf6 35. Rxb3 Ke7 36. Be2 b4 37. Ba6 Kd6 38. Bb7 Rf8 39. Rxb4 Kc7 40. Rd4
Rf7 41. Kg2 Nh5 42. Kf3 g5 43. f5 Ng7 44. Kg4 Nxf5 1/2-1/2

[Event "PRO League Group Stage"]
[Site "chess.com INT"]
[Date "2019.01.10"]
[Round "1"]
[White "Huschenbeth, Niclas"]
[Black "Alekseenko, Kirill"]
[Result "0-1"]
[WhiteTitle "GM"]
[BlackTitle "GM"]
[WhiteElo "2585"]
[BlackElo "2637"]
[WhiteTeam "Berlin Bears"]
[BlackTeam "Baden-Baden Snowballs"]
[WhiteFideId "24604747"]
[BlackFideId "4135539"]
[EventDate "2019.01.08"]

1. e4 c5 2. Nf3 Nc6 3. d4 cxd4 4. Nxd4 Nf6 5. Nc3 d6 6. Bg5 e6 7. Qd2 a6 8.
O-O-O Bd7 9. f4 Be7 10. Nf3 b5 11. Bxf6 gxf6 12. Kb1 Qb6 13. f5 Ne5 14. Nd4 Qb7
15. fxe6 fxe6 16. Bd3 O-O-O 17. Nce2 Kb8 18. Nf4 Nxd3 19. Nxd3 Qxe4 20. Nf4 e5
21. Rhe1 Qa8 22. Nb3 d5 23. Na5 d4 24. c3 dxc3 25. Qxc3 Bf5+ 26. Ka1 Rxd1+ 27.
Rxd1 Rc8 28. Qe3 Bc5 29. Qg3 Bb6 30. Nb3 Bc2 31. Nd5 Rd8 32. Rc1 Qxd5 33. Rxc2
Qd3 34. Qxd3 Rxd3 35. Kb1 Kb7 36. Re2 Kc6 37. Kc2 Rd8 38. Nd2 Kd5 39. g4 Ke6 40.
Ne4 h5 41. h3 Rg8 42. Rg2 hxg4 43. hxg4 Rh8 44. Kd3 Rh3+ 45. Kd2 Be3+ 46. Kc2 a5
47. Rg3 Rh2+ 48. Kd3 Bf4 49. Rf3 Rxb2 50. Rf1 Rxa2 51. Rh1 Ra3+ 52. Kc2 b4 53.
Rh8 Re3 54. Nc5+ Kd5 55. Nd7 Re2+ 56. Kb3 Bg5 57. Ra8 Re3+ 58. Kb2 Ra3 59. Ra6
Ke4 60. Nxf6+ Bxf6 61. Rxf6 a4 62. Rb6 Rb3+ 63. Kc2 Kf4 64. Rb5 Rc3+ 65. Kb2 a3+
66. Ka2 Rc2+ 67. Kb1 Rb2+ 68. Ka1 e4 69. g5 e3 70. Rb7 e2 71. Rf7+ Kg4 72. Re7
Rd2 73. g6 b3 74. g7 Rd1# 0-1

[Event "PRO League Group Stage"]
[Site "chess.com INT"]
[Date "2019.01.10"]
[Round "1"]
[White "Kollars, Dmitrij"]
[Black "Lagunow, Raphael"]
[Result "1-0"]
[WhiteTitle "GM"]
[BlackTitle "FM"]
[WhiteElo "2562"]
[BlackElo "2413"]
[WhiteTeam "Baden-Baden Snowballs"]
[BlackTeam "Berlin Bears"]
[WhiteFideId "12909572"]
[BlackFideId "24652644"]
[EventDate "2019.01.08"]

1. e4 c5 2. Nf3 Nc6 3. Bb5 g6 4. Bxc6 dxc6 5. d3 Bg7 6. h3 Nf6 7. Nc3 Nd7 8. Be3
e5 9. Qd2 h6 10. O-O b6 11. Nh2 Nf8 12. f4 exf4 13. Bxf4 Ne6 14. Bg3 c4 15. e5
cxd3 16. cxd3 Ba6 17. Ne4 Qd4+ 18. Kh1 Bxe5 19. Nf3 Qxd3 20. Bxe5 Qxe4 21. Rfe1 1-0

[Event "PRO League Group Stage"]
[Site "chess.com INT"]
[Date "2019.01.10"]
[Round "1"]
[White "Agrest, Inna"]
[Black "Berger, Steve"]
[Result "0-1"]
[WhiteTitle "WIM"]
[BlackTitle "IM"]
[WhiteElo "2275"]
[BlackElo "2435"]
[WhiteTeam "Baden-Baden Snowballs"]
[BlackTeam "Berlin Bears"]
[WhiteFideId "1708830"]
[BlackFideId "4644786"]
[EventDate "2019.01.08"]

1. e4 e6 2. d4 d5 3. Nc3 Nf6 4. Bg5 dxe4 5. Nxe4 Nbd7 6. Nf3 Be7 7. Nxf6+ Bxf6
8. Bxf6 Qxf6 9. Bd3 c5 10. Qe2 cxd4 11. O-O-O O-O 12. Kb1 Nc5 13. Nxd4 e5 14.
Nb5 Bd7 15. Nc3 Bc6 16. f3 Rad8 17. Rhe1 Rfe8 18. Be4 Nxe4 19. Nxe4 Qe7 20. a3
h6 21. Qe3 b6 22. Ng3 Qe6 23. Qc3 f6 24. b3 Rd7 25. Kb2 Rc8 26. Qe3 Rdc7 27. Rd2
Be8 28. Qe4 Qc6 29. Qxc6 Rxc6 30. Nf5 Kf8 31. Ree2 Bg6 32. Ne3 R6c7 33. c4 Bf7
34. Nd5 Bxd5 35. Rxd5 g5 36. a4 Ke7 37. Red2 h5 38. a5 h4 39. h3 Rb8 40. Kc3 Ke6
41. Rd6+ Kf5 42. axb6 axb6 43. R2d5 Ra7 44. Rc6 Ra2 45. Rdd6 Rf8 46. Rxb6 Rxg2
47. c5 Rg3 48. c6 Rxf3+ 49. Kb4 Rxh3 50. c7 Rc8 51. Rxf6+ Kg4 52. Rfc6 Rf3 53.
Rb8 Rff8 54. Rxc8 Rxc8 55. Kc5 h3 56. Kd6 h2 57. Rc1 Kh3 58. b4 g4 59. b5 g3 60.
b6 g2 61. b7 Rxc7 62. Kxc7 g1=Q 63. Rxg1 hxg1=Q 64. b8=Q Qd4 65. Qh8+ Kg3 66.
Qg7+ Kf3 67. Qf6+ Ke2 68. Qa6+ Qd3 69. Qh6 e4 70. Qh2+ Kd1 71. Qg1+ Kc2 72. Qf2+
Kc1 73. Qg1+ Kb2 74. Qf2+ Qc2+ 0-1

[Event "PRO League Group Stage"]
[Site "chess.com INT"]
[Date "2019.01.10"]
[Round "1"]
[White "Sebenik, Matej"]
[Black "Asis Gargatagli, Hipolito"]
[Result "0-1"]
[WhiteTitle "GM"]
[BlackTitle "IM"]
[WhiteElo "2540"]
[BlackElo "2529"]
[WhiteTeam "Ljubljana Turtles"]
[BlackTeam "Barcelona Raptors"]
[WhiteFideId "14602296"]
[BlackFideId "2260735"]
[EventDate "2019.01.08"]

1. Nf3 g6 2. e4 d6 3. d4 Nf6 4. Nc3 Bg7 5. Be3 a6 6. Qd2 b5 7. a3 Bb7 8. Bd3
Nbd7 9. Bh6 O-O 10. h4 e5 11. d5 Nc5 12. Bg5 Qd7 13. b4 Nxd3+ 14. Qxd3 Nh5 15.
Bd2 h6 16. O-O-O a5 17. Nh2 axb4 18. axb4 Nf4 19. Qf1 Ra1+ 20. Kb2 Rxd1 21. Qxd1
Nxg2 22. Qg4 Qxg4 23. Nxg4 h5 24. Ne3 Nxe3 25. Bxe3 c6 26. Ra1 cxd5 27. Ra7 Rb8
28. Nxd5 Bxd5 29. exd5 f5 30. Kb3 f4 31. Bd2 g5 32. hxg5 h4 33. g6 Rc8 34. f3 h3
35. Ra1 e4 36. Rh1 e3 37. Be1 Ra8 38. Bc3 e2 39. Bd2 Ra1 40. Rxh3 Rd1 0-1

[Event "PRO League Group Stage"]
[Site "chess.com INT"]
[Date "2019.01.10"]
[Round "1"]
[White "Borisek, Jure"]
[Black "Diaz Camallonga, Carles"]
[Result "0-1"]
[WhiteTitle "GM"]
[BlackTitle "IM"]
[WhiteElo "2584"]
[BlackElo "2432"]
[WhiteTeam "Ljubljana Turtles"]
[BlackTeam "Barcelona Raptors"]
[WhiteFideId "14603152"]
[BlackFideId "22235256"]
[EventDate "2019.01.08"]

1. e4 e6 2. d4 d5 3. Nd2 c5 4. Ngf3 cxd4 5. exd5 Qxd5 6. Bc4 Qd6 7. Bb3 Nc6 8.
Nc4 Qd8 9. O-O Nf6 10. Qe2 Be7 11. Rd1 O-O 12. c3 Qc7 13. cxd4 b6 14. Bg5 Bb7
15. Rac1 Rac8 16. Nce5 Qd6 17. Bf4 Nd5 18. Bg3 Qd8 19. a3 Nxe5 20. Nxe5 Bg5 21.
Rxc8 Qxc8 22. Qh5 Be7 23. h4 Nf6 24. Qg5 h6 25. Qe3 Bd5 26. Ba4 b5 27. Bxb5 Qb7
28. Qe2 Bxg2 29. f3 Bh3 30. Bc6 Qb6 31. b4 Rd8 32. Bf2 Nd5 33. Rc1 Bf5 34. Qb5
Nf4 35. Kh2 Bd6 36. Qxb6 axb6 37. Kh1 f6 38. Nc4 Nd3 39. Nxd6 Rxd6 40. Bg3 Rxd4
41. Rc3 Nf4 42. Bb5 Rd1+ 43. Kh2 Rd2+ 44. Kh1 Nd5 45. Rc1 Bh3 46. Be1 Ra2 47. a4
Bg2+ 48. Kg1 Bxf3 49. Bf2 Be4 50. h5 Nf4 51. Bxb6 Nxh5 52. a5 Ng3 53. Bf2 Ne2+
54. Bxe2 Rxe2 55. b5 Rb2 56. b6 Ra2 57. Rc5 Kh7 58. Rb5 Kg6 59. Be1 Bb7 60. Rc5
Rg2+ 61. Kf1 Rg5 62. Rc7 Ba6+ 63. Kf2 Rf5+ 64. Kg2 Rb5 65. Ra7 Bc8 66. Bf2 e5
67. a6 Bf5 68. Kf3 Rb3+ 69. Be3 h5 70. b7 Bg4+ 71. Kf2 Rb2+ 72. Kg3 Rb3 73. Ra8
Rxe3+ 74. Kf2 Re2+ 75. Kf1 Rb2 76. b8=Q Be2+ 77. Kf2 Rxb8 78. Rxb8 Bxa6 79. Kg3
Bd3 80. Kh4 Kh6 81. Rh8+ Bh7 82. Rf8 g5+ 83. Kg3 Kg7 84. Rc8 Bf5 85. Rc7+ Kg6 0-1

[Event "PRO League Group Stage"]
[Site "chess.com INT"]
[Date "2019.01.10"]
[Round "1"]
[White "Alvarado Diaz, Alejandro"]
[Black "Stevanic, David"]
[Result "1-0"]
[WhiteTitle "IM"]
[BlackTitle "FM"]
[WhiteElo "2388"]
[BlackElo "2304"]
[WhiteTeam "Barcelona Raptors"]
[BlackTeam "Ljubljana Turtles"]
[WhiteFideId "2276119"]
[BlackFideId "14613921"]
[EventDate "2019.01.08"]

1. Nf3 Nf6 2. g3 g6 3. b3 Bg7 4. Bb2 O-O 5. Bg2 d6 6. d4 Nbd7 7. O-O c5 8. c4
Rb8 9. Nc3 cxd4 10. Nxd4 Nc5 11. Qd2 Nfd7 12. Rfd1 Nb6 13. h3 Bd7 14. e4 Qc8 15.
Kh2 Ne6 16. Nde2 Bc6 17. Rac1 Qe8 18. Nd5 f5 19. exf5 Bxb2 20. Qxb2 Rxf5 21.
Nec3 Ng7 22. Re1 e6 23. Ne3 Rf8 24. Ne4 Bxe4 25. Bxe4 Qf7 26. Re2 d5 27. Ng4 Kh8
28. Bg2 Rbc8 29. cxd5 exd5 30. Rce1 Rce8 31. a4 Rxe2 32. Rxe2 Nd7 33. Qd4 h5 34.
Bxd5 Qf5 35. Be6 Qc5 36. Qxd7 hxg4 37. Kg2 gxh3+ 38. Bxh3 Qb6 39. Qb5 Qxb5 40.
axb5 Nf5 41. Bxf5 gxf5 42. Re7 Rb8 43. Kf3 Kg8 44. Kf4 Kf8 45. Rc7 a6 46. Kxf5
axb5 47. f4 Rd8 48. Rxb7 Rd3 49. g4 Rxb3 50. Kf6 Kg8 51. g5 Rc3 52. Rxb5 Rc6+
53. Kf5 Kg7 54. Rb7+ Kg8 55. Kg4 Rd6 56. Kh5 Rc6 57. f5 Rd6 58. f6 Rd1 59. Kg6
Rd8 60. Rh7 Rd6 61. Rg7+ Kf8 62. Ra7 Rd8 63. Kh7 Rc8 64. g6 Rb8 65. g7+ 1-0